KOHA-Header-6

Developming Management Skills (Record no. 6558)

000 -LEADER
fixed length control field 00262nam a2200109Ia 4500
100 ## - MAIN ENTRY--AUTHOR NAME
Personal name David A.
245 #0 - TITLE STATEMENT
Title Developming Management Skills
260 ## - PUBLICATION, DISTRIBUTION, ETC. (IMPRINT)
Place of publication USA
Name of publisher Addison - Wesley
Year of publication 1995
300 ## - PHYSICAL DESCRIPTION
Number of Pages 775
942 ## - ADDED ENTRY ELEMENTS (KOHA)
Koha item type Books
Holdings
Withdrawn status Lost status Collection code Permanent Location Current Location Shelving location Date acquired Full call number Accession Number Koha item type
    Management MAJU MAJU   2019-09-07 658.3005 344 Management

Powered by Koha